000 00704nas a2200241 4500
001 BR9202201
003 BR-BrBNA
005 20231205092450.0
007 ta
008 230509b bl.|||p| |||| 00| 00por d
040 _aBR-BrBNA
_bpor
_cBiblioteca Nacional de Agricultura
041 _a(Pt)
072 _aK50
100 1 _aMiranda, C.R. de
100 1 _aBarrichelo, L.E.G.
245 1 _aCelulose de madeira de Eucalyptus citriodora: influencia do tamanho de cavacos
650 _aCELULOSE
650 _aEUCALIPTO
650 _aCAVACO
773 0 _tPapel (Brazil)
_xISSN 0031-1057
_g(Dec 1991), v. (12) p. 119-139
_wBR9202201
909 _a202311
_bLúcia
_c55
_dLúcia Elande
942 _2AGRIS
_n0
_cANA
999 _c131908
_d131908